| 000 | 00745nam a22001695i 4500 | ||
|---|---|---|---|
| 001 | 165518 | ||
| 003 | ES-MaACL | ||
| 005 | 20230906213144.0 | ||
| 008 | 981120s1894 sp |||| | spa d | ||
| 040 |
_aGA _bspa _cCCPB |
||
| 110 | 0 |
_aEscuela de Artes y Oficios de Santiago. _93529 |
|
| 245 | 1 | 0 |
_aSolemne distribución de premios a los alumnos del curso de 1893-94 verificada en la sesión de 1º de octubre de 1894 / _cEscuela de Artes y Oficios de Santiago. |
| 260 |
_aSantiago : _b[s.n.], _c1894 ( _fJosé M. Paredes) |
||
| 300 |
_a67 p. ; _c22 cm. |
||
| 505 | 8 | _aContiene discurso leído por el Señor Don Ramón Núñez Fernández | |
| 852 |
_aES-MaACL _jT-870-F-7 _z-- Enc. hol. conservando la cub. original _z-- Enc. en un vol. facticio |
||
| 999 |
_c165518 _d165518 |
||